000 00985nam a2200289 4500
001 134230
003 ES-MaACL
005 20250809151041.0
007 t|
008 070906s1978 sp af ||||0| spa d
016 7 _z05411352
040 _aIBH
_bspa
_cM-BN-DP
080 _a902.2
100 1 _aWheeler, Robert Eric Mortimer.
_9116625
245 1 0 _aArqueología de campo /
_cSir Mortimer Wheeler; [traducción del inglés, José Luis Lorenzo ; revisada por Lauro José Zavala].
260 _aMadrid :
_bFondo de Cultura Económica,
_c1978.
300 _a270 p., 1 h., 12 h. con lám :
_bil ;
_c21 cm.
490 1 _aSección de obras de antropología
504 _aBibliografía. Indices.
650 7 _aArqueología
_2embne
_99975
700 1 _aLorenzo, José Luis.
_974153
700 1 _aZavala, Lauro José.
_9118107
830 0 _aSección de obras de antropología
_9179904
852 _aES-MaACL
_jA-9103
_bR.98175
999 _c134230
_d134230